Statystyki dla Co to za logo?

Kliknij tutaj aby rozwiązać quiz!

Ogólne statystyki

  • Ten quiz został rozwiązany 23,906 razy
    (17,494 od ostatniego zresetowania)
  • Średni wynik to 17 z 20

Statystyki odpowiedzi

Answer % Correct
Lipton
97%
Skype
96%
Adidas
96%
Red Bull
95%
Youtube
95%
Biedronka
94%
Audi
94%
FC Barcelona
91%
Skoda
91%
Visa
91%
Legia Warszawa
89%
McDonald's
88%
Opel
85%
Knorr
84%
Gerber
82%
Excel
81%
Carrefour
78%
Algida
74%
ING
72%
JetPunk
61%

Rozkład punktacji

Percentyl według liczby udzielonych odpowiedzi

Procent ludzi z każdym wynikiem

Twoja historia wyników

Nie rozwiązałeś tego quizu od ostatniego zresetowania